| 000 | 00794nam a2200253 a 4500 | ||
|---|---|---|---|
| 008 | |||
| 020 | _a0869227645 (pbk.) | ||
| 090 | 0 | _aHX523 ORA | |
| 245 | 0 | 0 |
_aOrality and cultural identities in Zimbabwe / _cedited by Maurice Taonezvi Vambe. |
| 260 |
_aGweru, Zimbabwe : _bMambo Press, _c2001. |
||
| 300 |
_axii, 127 p. ; _c22 cm. |
||
| 504 | _aIncludes bibliographical references. | ||
| 650 | 0 |
_aPopular culture _zZimbabwe. |
|
| 650 | 0 | _aArts, Zimbabwean. | |
| 650 | 0 |
_aOral tradition _zZimbabwe. |
|
| 651 | 0 |
_aZimbabwe _xCivilization _y20th century. |
|
| 700 | 1 | _aVambe, Maurice Taonezvi. | |
| 907 |
_a.b10128943 _b13-02-07 _c28-06-04 |
||
| 003 | |||
| 005 | 20230123133747.0 | ||
| 040 | _cNUST | ||
| 049 | _aMAIN | ||
| 942 |
_cBOOKS _kHX523 ORA |
||
| 999 |
_c154152 _d154152 |
||